The changing shape of architecture : (Record no. 6650)

MARC details
000 -LEADER
fixed length control field 01818cam a2200385 i 4500
001 - CONTROL NUMBER
control field 20674442
003 - CONTROL NUMBER IDENTIFIER
control field OSt
005 - DATE AND TIME OF LATEST TRANSACTION
control field 20240328085347.0
008 - FIXED-LENGTH DATA ELEMENTS--GENERAL INFORMATION
fixed length control field 180919s2019 enk b 001 0 eng
010 ## - LIBRARY OF CONGRESS CONTROL NUMBER
LC control number 2018044813
020 ## - INTERNATIONAL STANDARD BOOK NUMBER
International Standard Book Number 9781138240254
Qualifying information (hardback)
020 ## - INTERNATIONAL STANDARD BOOK NUMBER
International Standard Book Number 9781138240285
Qualifying information (pbk.)
020 ## - INTERNATIONAL STANDARD BOOK NUMBER
Canceled/invalid ISBN 9781315284095
Qualifying information (e-book)
020 ## - INTERNATIONAL STANDARD BOOK NUMBER
Canceled/invalid ISBN 9781315284071
Qualifying information ebook
040 ## - CATALOGING SOURCE
Original cataloging agency DLC
Language of cataloging eng
Transcribing agency DLC
Description conventions rda
Modifying agency DLC
042 ## - AUTHENTICATION CODE
Authentication code pcc
050 00 - LIBRARY OF CONGRESS CALL NUMBER
Classification number NA1995
Item number .C42 2019
082 00 - DEWEY DECIMAL CLASSIFICATION NUMBER
Classification number 720.1 C42 2019
Edition number 23
100 ## - MAIN ENTRY--PERSONAL NAME
Personal name Hensel, Michaels U.
245 04 - TITLE STATEMENT
Title The changing shape of architecture :
Remainder of title further cases of integrating research and design in practice /
Statement of responsibility, etc. edited by Michael U. Hensel and Fredrik Nilsson.
264 #1 - PRODUCTION, PUBLICATION, DISTRIBUTION, MANUFACTURE, AND COPYRIGHT NOTICE
Place of production, publication, distribution, manufacture London :
Name of producer, publisher, distributor, manufacturer Routledge, Taylor & Francis Group,
Date of production, publication, distribution, manufacture, or copyright notice 2019.
300 ## - PHYSICAL DESCRIPTION
Extent xiv, 192 pages ;
Dimensions 29 cm
336 ## - CONTENT TYPE
Content type term text
Content type code txt
Source rdacontent
337 ## - MEDIA TYPE
Media type term unmediated
Media type code n
Source rdamedia
338 ## - CARRIER TYPE
Carrier type term volume
Carrier type code nc
Source rdacarrier
504 ## - BIBLIOGRAPHY, ETC. NOTE
Bibliography, etc. note Includes bibliographical references and index.
505 2# - FORMATTED CONTENTS NOTE
Formatted contents note Current changes in conditions and contexts for architectural research and practice : a brief introduction / Michael U. Hensel and Fredrik Nilsson -- On the necessity of messy research : Nader Tehrani / Brandon Clifford -- Designing fusion points of urban design, practice and research : the case of Älvstranden Utveckling and RiverCity Gothenburg / Fredrik Nilsson, Lena Andersson and Åsa Swan.
650 #0 - SUBJECT ADDED ENTRY--TOPICAL TERM
Topical term or geographic name entry element Architectural practice.
650 #0 - SUBJECT ADDED ENTRY--TOPICAL TERM
Topical term or geographic name entry element Architecture
General subdivision Research.
700 1# - ADDED ENTRY--PERSONAL NAME
Personal name Hensel, Michael,
Relator term editor.
700 1# - ADDED ENTRY--PERSONAL NAME
Personal name Nilsson, Fredrik,
Dates associated with a name 1965-
Relator term editor.
906 ## - LOCAL DATA ELEMENT F, LDF (RLIN)
a 7
b cbc
c orignew
d 1
e ecip
f 20
g y-gencatlg
942 ## - ADDED ENTRY ELEMENTS (KOHA)
Source of classification or shelving scheme Dewey Decimal Classification
Koha item type English Book
Suppress in OPAC No
Holdings
Withdrawn status Lost status Source of classification or shelving scheme Damaged status Not for loan Home library Current library Date acquired Total Checkouts Full call number Barcode Date last seen Price effective from Koha item type
    Dewey Decimal Classification     CENTRAL TUWAIQ 03/28/2024   720.1 C42 2019 1000000024867 03/28/2024 03/28/2024 English Book